[Event "41st Olympiad Women 2014"]
[Site "Tromso NOR"]
[Date "2014.08.05"]
[Round "4.44"]
[Board "2"]
[White "Lowry-O'Reilly, Hannah"]
[Black "Jorquera Cabello, Valentina"]
[Result "0-1"]
[WhiteTitle "WFM"]
[BlackTitle "WIM"]
[WhiteElo "1731"]
[BlackElo "1999"]
[WhiteTeam "Ireland"]
[BlackTeam "Chile"]
[WhiteFideId "2501597"]
[BlackFideId "3405494"]
[EventDate "2014.08.02"]

1. d4 d5 2. c4 c6 3. Nc3 Nf6 4. e3 e6 5. Nf3 Bb4 6. Bd2 O-O 7. Bd3 Bxc3 8. Bxc3
Ne4 9. O-O f5 10. Nd2 Nd7 11. Nxe4 fxe4 12. Be2 Qg5 13. Bb4 Rf7 14. Bd6 e5 15.
cxd5 cxd5 16. dxe5 Nxe5 17. Bxe5 Qxe5 18. Qb3 Be6 19. Qb5 Raf8 20. Rae1 Bd7 21.
Qb4 Qg5 22. Qd6 Bc6 23. Rc1 h6 24. Qg3 Qe7 25. Bh5 Rf5 26. Bg4 Rg5 27. h4 Rg6
28. Qh3 Rgf6 29. Rc2 Bb5 30. Rfc1 Bd3 31. Rd2 Qb4 32. Rcd1 Kh8 33. Bd7 b5 34.
Qg3 Qa5 35. Qe5 Qxa2 36. b4 Qc4 37. Qb2 Qc7 38. Bg4 Qf7 39. Be2 Rxf2 40. Bxd3
Rxd2 41. Qxd2 exd3 42. Rc1 Qf5 43. Kh2 Qe4 44. Qe1 Re8 45. Rc5 d4 46. Qg3 dxe3
47. Rc7 Qe5 0-1

[Event "41st Olympiad Women 2014"]
[Site "Tromso NOR"]
[Date "2014.08.05"]
[Round "4.44"]
[Board "3"]
[White "Reyes Jara, Paula"]
[Black "Ui Laighleis, Gearoidin"]
[Result "1-0"]
[WhiteTitle "WFM"]
[BlackTitle "WCM"]
[WhiteElo "2041"]
[BlackElo "1830"]
[WhiteTeam "Chile"]
[BlackTeam "Ireland"]
[WhiteFideId "3403920"]
[BlackFideId "2501171"]
[EventDate "2014.08.02"]

1. e4 e6 2. d4 d5 3. exd5 exd5 4. c4 Nf6 5. Nc3 c6 6. Bd3 Be7 7. Nf3 O-O 8. O-O
Re8 9. Re1 Be6 10. Ng5 Bd6 11. Nxe6 Rxe6 12. Rxe6 fxe6 13. Qe2 Qe7 14. Bg5 Nbd7
15. Re1 Re8 16. Qf3 Qf7 17. h3 h6 18. Bh4 Kf8 19. Bg3 Be7 20. Qe2 Bd8 21. Qc2
Kg8 22. Bg6 Qf8 23. Bxe8 Qxe8 24. cxd5 cxd5 25. Qe2 Kf7 26. Nb5 Kg8 27. Qxe6+
Qxe6 28. Rxe6 a6 29. Nc3 Bb6 30. Be5 Kf7 31. Bxf6 Kxe6 32. Bxg7 h5 33. g4 hxg4
34. hxg4 Bd8 35. Kg2 Bg5 36. Ne2 Nb8 37. f4 Be7 38. f5+ Kf7 39. Be5 Nd7 40. Nf4
Bf6 41. Bxf6 Kxf6 42. Nxd5+ Kg5 43. Kf3 Nf8 44. Nf4 Nd7 45. Ne6+ Kf6 46. Nc5 Nb6
47. Nxb7 Na4 48. Nc5 Nxb2 49. Nxa6 Nc4 50. Nc5 Nd2+ 51. Kf4 Nc4 52. g5+ Kf7 53.
a4 1-0

[Event "41st Olympiad Women 2014"]
[Site "Tromso NOR"]
[Date "2014.08.05"]
[Round "4.44"]
[Board "4"]
[White "Kruk, Karina"]
[Black "Miranda Gonzalez, Nicole"]
[Result "1/2-1/2"]
[WhiteTitle "WCM"]
[WhiteElo "1795"]
[BlackElo "1943"]
[WhiteTeam "Ireland"]
[BlackTeam "Chile"]
[WhiteFideId "1148184"]
[BlackFideId "3405770"]
[EventDate "2014.08.02"]

1. d4 d5 2. Nf3 Nf6 3. Bf4 c6 4. c3 e6 5. e3 Bd6 6. Ne5 Qc7 7. Nd2 Nbd7 8. Ndf3
O-O 9. Bd3 c5 10. O-O Ne4 11. Qc2 f5 12. Nxd7 Bxd7 13. Bxd6 Nxd6 14. Ne5 c4 15.
Be2 b5 16. f4 Rab8 17. a3 a5 18. Rf3 b4 19. axb4 axb4 20. cxb4 Rxb4 21. Nd3 Rb7
22. Nc5 Ra7 23. Rxa7 Qxa7 24. b3 cxb3 25. Qxb3 Rb8 26. Qc2 Rc8 27. Qd1 Ne4 28.
Nxe4 dxe4 29. Rh3 Qa3 30. Kf2 Qb2 31. d5 Rc1 32. Qd4 Qxd4 33. exd4 exd5 34. Rb3
Be6 35. Rb6 Kf7 36. Rb7+ Kf6 37. Rb6 h6 38. h4 Rc3 39. g4 g6 40. g5+ hxg5 41.
hxg5+ Ke7 42. Rb7+ Kf8 43. Rb6 Bf7 44. Rb8+ Kg7 45. Rb7 Rc8 46. Ba6 Rd8 47. Bb5
Kf8 48. Rb6 Ke7 49. Rb7+ Ke6 50. Rb6+ Rd6 51. Rb8 Ke7 52. Rb7+ 1/2-1/2

[Event "41st Olympiad Women 2014"]
[Site "Tromso NOR"]
[Date "2014.08.05"]
[Round "4.46"]
[Board "1"]
[White "Samaganova, Alexandra"]
[Black "Chandrasiri, S A K"]
[Result "1-0"]
[BlackTitle "WFM"]
[WhiteElo "2012"]
[BlackElo "1777"]
[WhiteTeam "Kyrgyzstan"]
[BlackTeam "Sri Lanka"]
[WhiteFideId "13800221"]
[BlackFideId "9905049"]
[EventDate "2014.08.02"]

1. c4 c5 2. Nc3 Nc6 3. g3 g6 4. Bg2 Bg7 5. Rb1 e5 6. a3 Nge7 7. b4 d6 8. d3 O-O
9. Bd2 Rb8 10. Qc1 Be6 11. bxc5 dxc5 12. Nf3 Qd7 13. h4 Bg4 14. Bh6 Nd4 15. Bxg7
Bxf3 16. Bxf8 Bxg2 17. Rh2 Rxf8 18. Rxg2 f5 19. f3 b6 20. Kf2 Qe6 21. Kg1 Nc8
22. Qd1 Qc6 23. Nd5 Qe6 24. e3 Nc6 25. Qd2 N8e7 26. Nxe7+ Qxe7 27. Re1 Qd6 28.
Qc2 Rd8 29. Rd1 Na5 30. Kh2 Qc6 31. Rf2 Qe6 32. Re2 Qd6 33. f4 e4 34. d4 Nc6 35.
d5 Na5 36. Qc3 Re8 37. Rb2 Kf7 38. Rg1 h5 39. Rgb1 Qf6 40. Qc2 Re7 41. Kh3 Rd7
42. Rb5 Rd6 43. Kg2 Nb7 44. Kf2 Ke7 45. Ke2 Rd7 46. a4 Nd6 47. R5b3 Nb7 48. Qa2
Na5 49. Ra3 Rd6 50. Qc2 Qh8 51. Rb5 Qf6 52. Rc3 Qh8 53. Qd2 Qf6 54. Rc1 Nb7 55.
Rcb1 Rd7 56. a5 Nd6 57. axb6 axb6 58. Rxb6 Nxc4 59. Rxf6 Nxd2 60. Rbb6 Nc4 61.
Rbe6+ Kd8 62. d6 Kc8 63. Rf8+ Kb7 64. Re7 Kc6 65. Rc8+ Kxd6 66. Rxd7+ Kxd7 67.
Rxc5 Nb6 68. Kd2 Kd6 69. Rc1 Nd5 70. Rc8 Ne7 71. Ra8 Kd5 72. Kc3 Kc5 73. Ra5+
Kd6 74. Ra6+ Kd5 75. Rf6 Kc5 76. Re6 Nd5+ 77. Kd2 Nc7 78. Rxg6 Ne8 79. Rg5 Nd6
80. Rxh5 Kd5 81. g4 Ke6 82. gxf5+ Nxf5 83. Rxf5 1-0

[Event "41st Olympiad Women 2014"]
[Site "Tromso NOR"]
[Date "2014.08.05"]
[Round "4.46"]
[Board "2"]
[White "Yashora, Tiumi"]
[Black "Ostry, Irina"]
[Result "0-1"]
[BlackTitle "WIM"]
[WhiteElo "1715"]
[BlackElo "2177"]
[WhiteTeam "Sri Lanka"]
[BlackTeam "Kyrgyzstan"]
[WhiteFideId "9903534"]
[BlackFideId "13800060"]
[EventDate "2014.08.02"]

1. d4 c5 2. d5 e5 3. c4 d6 4. e4 Be7 5. Nf3 Nf6 6. Nc3 O-O 7. h3 a6 8. Bd3 Nbd7
9. O-O Re8 10. Ne1 Nf8 11. Be2 Ng6 12. Nd3 b5 13. cxb5 axb5 14. b4 c4 15. Nb2
Bd7 16. Bd2 Ra3 17. Qc2 Qa8 18. Bc1 Nf4 19. Nbd1 Nxe2+ 20. Qxe2 Ra6 21. Bb2 Bd8
22. Ne3 Bb6 23. Nc2 Bd4 24. a3 Qc8 25. Rfd1 Ba7 26. a4 bxa4 27. Na3 Bd4 28. b5
Ra8 29. Rdc1 Qc5 30. Qc2 Bxc3 31. Bxc3 Bxb5 32. Rcb1 Bd7 33. Rb4 Rac8 34. Rxc4
Qa7 35. Bb4 Qa6 36. Rc1 h6 37. Qb1 Rb8 38. R1c3 Rb7 39. Qc2 Reb8 40. Qb1 Rb6 41.
Rc2 Bb5 42. Nxb5 Rxb5 43. Qe1 Ne8 44. Qc3 Qb7 45. Rb2 f5 46. f3 Kh7 47. Kh2 Qf7
48. Qc2 f4 49. Qxa4 Qg6 50. Qa1 Qf7 51. Qe1 Qb7 52. Qc3 Qa7 53. Ba3 Rxb2 54.
Bxb2 Qf2 55. Rb4 Ra8 56. Bc1 Nf6 57. Qd2 Qg3+ 58. Kg1 Nh5 59. Rb1 Qg6 60. Qf2
Ng3 61. Kh2 Qf7 62. Rb6 Qa7 63. Qb2 Qa5 64. Qb4 Qxb4 65. Rxb4 Ra1 66. Rc4 Kg6
67. Rc2 Kg5 68. Kg1 Rxc1+ 69. Rxc1 Ne2+ 0-1

[Event "41st Olympiad Women 2014"]
[Site "Tromso NOR"]
[Date "2014.08.05"]
[Round "4.46"]
[Board "3"]
[White "Shyngys Kyzy, Aijarkyn"]
[Black "Methmali, Y."]
[Result "1/2-1/2"]
[BlackTitle "WCM"]
[WhiteElo "1800"]
[BlackElo "1727"]
[WhiteTeam "Kyrgyzstan"]
[BlackTeam "Sri Lanka"]
[WhiteFideId "13800531"]
[BlackFideId "9900888"]
[EventDate "2014.08.02"]

1. f4 d5 2. Nf3 Nf6 3. b3 g6 4. Bb2 Bg7 5. e3 c6 6. Be2 Nbd7 7. O-O O-O 8. c4
dxc4 9. Bxc4 Nc5 10. Na3 b5 11. Be2 Nd3 12. Bd4 Bf5 13. Ne5 c5 14. Bxd3 Bxd3 15.
Nxd3 cxd4 16. Rc1 dxe3 17. dxe3 Qa5 18. Nc2 Qxa2 19. Nd4 Qa5 20. Rc5 a6 21. Qc2
e6 22. b4 Qd8 23. Ne5 Nd5 24. Ndc6 Qe8 25. Qd2 Bxe5 26. Nxe5 Rd8 27. Nc6 Rd6 28.
Rfc1 Qd7 29. Qd4 f6 30. Na5 Ne7 31. Qc3 Rd1+ 32. Kf2 Qd2+ 33. Kf3 Qxc1 34. Qxc1
Rxc1 35. Rxc1 Nd5 36. Nc6 Kf7 37. e4 Nb6 38. Na5 Rc8 39. Rc6 Rxc6 40. Nxc6 Nd7
41. e5 f5 42. Ke3 h6 43. h4 g5 44. Nd8+ Ke7 45. Nc6+ Kf7 46. Nd8+ Ke7 47. Nc6+
Kf7 48. hxg5 hxg5 49. Nd8+ Ke7 50. Nc6+ Kf7 1/2-1/2

[Event "41st Olympiad Women 2014"]
[Site "Tromso NOR"]
[Date "2014.08.05"]
[Round "4.46"]
[Board "4"]
[White "Mendis, Dasuni Hansika"]
[Black "Omurbekova, Diana"]
[Result "1-0"]
[WhiteElo "1624"]
[BlackElo "1707"]
[WhiteTeam "Sri Lanka"]
[BlackTeam "Kyrgyzstan"]
[WhiteFideId "9907696"]
[BlackFideId "13800752"]
[EventDate "2014.08.02"]

1. d4 Nf6 2. c4 g6 3. Nc3 Bg7 4. e4 d6 5. f3 O-O 6. Be3 a6 7. Qd2 e5 8. d5 Ne8
9. g4 h6 10. h4 Kh7 11. O-O-O Bd7 12. Kb1 Rh8 13. Be2 Qe7 14. Nh3 Kg8 15. Rdg1
c6 16. Na4 c5 17. Nb6 Ra7 18. b4 Bf8 19. bxc5 dxc5 20. Qa5 Rh7 21. Nf2 Ng7 22.
Nd3 Qd8 23. Bxc5 Qc7 24. Bxf8 Kxf8 25. Nxd7+ Qxd7 26. Qc5+ Kg8 27. Qxa7 Qc7 28.
Qc5 Qd8 29. Nxe5 b6 30. Qb4 Ne8 31. Kc2 a5 32. Qb3 Na6 33. Nd3 f6 34. Rb1 Rc7
35. Kd2 Nd6 36. Rbc1 Qc8 37. Nf4 Nc5 38. Qb2 Kf7 39. g5 Nd7 40. gxf6 Nxc4+ 41.
Rxc4 Rxc4 42. Bxc4 Qxc4 43. Rc1 Qa4 44. Qb3 Qd4+ 45. Nd3 Ne5 46. d6+ Kxf6 47.
Kc2 Nxf3 48. Qc3 Ke6 49. Nf4+ Ke5 50. Qxf3 Qxe4+ 51. Qxe4+ Kxe4 52. Re1+ Kxf4
53. d7 1-0

[Event "41st Olympiad Women 2014"]
[Site "Tromso NOR"]
[Date "2014.08.05"]
[Round "4.47"]
[Board "1"]
[White "Olatunji, Oluwatobiloba"]
[Black "Cordero, Daniela"]
[Result "1/2-1/2"]
[WhiteTitle "WFM"]
[BlackTitle "WIM"]
[WhiteElo "1860"]
[BlackElo "2010"]
[WhiteTeam "Nigeria"]
[BlackTeam "Bolivia"]
[WhiteFideId "8500924"]
[BlackFideId "3301630"]
[EventDate "2014.08.02"]

1. c4 d6 2. Nf3 e5 3. d4 e4 4. Nfd2 f5 5. e3 Nf6 6. Nc3 Be7 7. b3 O-O 8. Bb2 c6
9. Rc1 d5 10. Be2 Kh8 11. cxd5 cxd5 12. Nb5 a6 13. Nc3 b5 14. a3 Nbd7 15. b4 Nb6
16. Nb3 Nc4 17. Qc2 Qd6 18. g3 Bd7 19. Nc5 Be8 20. h3 Rc8 21. Bxc4 bxc4 22. Ne2
Bh5 23. Kd2 Bf3 24. Rhg1 Ra8 25. Bc3 Ne8 26. Qa4 Nc7 27. Qd7 Rad8 28. Qxd6 Bxd6
29. Nb7 Rd7 30. Nxd6 Rxd6 31. Ra1 Rb8 32. Rgb1 Bxe2 33. Kxe2 Nb5 34. Kd2 Rh6 35.
h4 g5 36. hxg5 Rh2 37. Rf1 Kg7 38. a4 Nxc3 39. Kxc3 Kg6 40. Ra2 Rh5 41. Rb1 Rb6
42. b5 a5 43. Raa1 Kxg5 44. Rh1 h6 45. Rxh5+ Kxh5 46. Rh1+ Kg5 47. Rh4 h5 48.
Rf4 Rf6 49. Rh4 Rb6 50. Rf4 Rf6 51. Rh4 Rb6 52. Rf4 Rf6 1/2-1/2

[Event "41st Olympiad Women 2014"]
[Site "Tromso NOR"]
[Date "2014.08.05"]
[Round "4.48"]
[Board "1"]
[White "Wang, Chengjia"]
[Black "Taweesupmun, Chanida"]
[Result "1-0"]
[BlackTitle "WCM"]
[WhiteElo "1989"]
[BlackElo "1838"]
[WhiteTeam "South Korea"]
[BlackTeam "Thailand"]
[WhiteFideId "8601844"]
[BlackFideId "6200117"]
[EventDate "2014.08.02"]

1. e4 e5 2. Nf3 Nc6 3. Bc4 Bc5 4. d3 h6 5. Nc3 Nf6 6. a3 d6 7. h3 a6 8. Ne2 O-O
9. g4 d5 10. exd5 Nxd5 11. g5 h5 12. Ng3 g6 13. Ne4 Be7 14. Nh4 Kg7 15. Ng3 Nf4
16. Bxf4 exf4 17. Nxh5+ gxh5 18. Qxh5 Bxg5 19. Rg1 Qe7+ 20. Kd2 f3+ 21. Rxg5+ 1-0

[Event "41st Olympiad Women 2014"]
[Site "Tromso NOR"]
[Date "2014.08.05"]
[Round "4.48"]
[Board "2"]
[White "Atthaworadej, Worasuda"]
[Black "Cho, Yeonhee"]
[Result "1/2-1/2"]
[WhiteTitle "WCM"]
[BlackTitle "WCM"]
[WhiteElo "1749"]
[BlackElo "1525"]
[WhiteTeam "Thailand"]
[BlackTeam "South Korea"]
[WhiteFideId "6201563"]
[BlackFideId "13201190"]
[EventDate "2014.08.02"]

1. e4 e5 2. Nf3 Nc6 3. d4 exd4 4. Bc4 Nf6 5. e5 d5 6. Bb5 Ne4 7. Nxd4 Bd7 8.
Bxc6 bxc6 9. O-O Bc5 10. Be3 O-O 11. f3 Ng5 12. Nc3 Bb6 13. Qd2 Ne6 14. Nb3 Qe7
15. f4 Rfd8 16. f5 d4 17. Nxd4 Nxd4 18. Bxd4 Be8 19. Ne2 c5 20. f6 Qf8 21. Rf3
cxd4 22. Kh1 Kh8 23. Rg3 g6 24. Rf1 Bd7 25. Qg5 h6 26. Qh4 h5 27. Nf4 Qh6 28. e6
Bxe6 29. Nxe6 fxe6 30. Qe4 Kh7 31. Qxe6 Rf8 32. Qe7+ Kh8 33. Qe4 Rae8 34. Qh4 c5
35. Rh3 Re5 36. g4 Re4 37. Qg3 Bd8 38. gxh5 g5 39. Qd3 Qh7 40. Qg3 Qh6 41. Qd3
Rxf6 42. Qxe4 Rxf1+ 43. Kg2 Qf6 44. Qe8+ Qf8 45. Qxf8+ Rxf8 46. c3 Bc7 47. Rd3
Be5 48. h3 a5 49. cxd4 cxd4 50. a3 Rc8 51. Rd2 a4 52. Kf3 Kg7 53. Kg4 Rf8 54.
Re2 Bf4 55. Re7+ Kg8 56. Rd7 Be3 57. h6 Rf4+ 58. Kh5 Rh4+ 59. Kg6 Kf8 60. h7 Ke8
61. Rd5 Ke7 62. Kg7 g4 63. hxg4 Rxg4+ 64. Kh8 d3 65. Re5+ Kf7 66. Rxe3 Rd4 67.
Rf3+ Kg6 68. Rg3+ Kf7 69. Rf3+ Kg6 70. Rg3+ Kf7 71. Rf3+ 1/2-1/2

[Event "41st Olympiad Women 2014"]
[Site "Tromso NOR"]
[Date "2014.08.05"]
[Round "4.49"]
[Board "1"]
[White "Zsiltzova-Lisenko, Lubov"]
[Black "Wambugu, Jane Wanjiru"]
[Result "1-0"]
[WhiteTitle "WIM"]
[BlackTitle "WCM"]
[WhiteElo "2262"]
[BlackElo "1530"]
[WhiteTeam "IBCA"]
[BlackTeam "Kenya"]
[WhiteFideId "14101360"]
[BlackFideId "10800310"]
[EventDate "2014.08.02"]

1. e4 g6 2. d4 c6 3. c4 d5 4. cxd5 cxd5 5. e5 Nc6 6. Nc3 Bf5 7. Nf3 Bg4 8. Be3
e6 9. Be2 Nh6 10. O-O Bxf3 11. Bxf3 Nf5 12. Be2 a6 13. Qd2 h5 14. Rad1 Qa5 15.
a3 Bh6 16. Kh1 Ncxd4 17. Bxh6 Nxe2 18. Nxe2 Qxd2 19. Bxd2 O-O 20. Rc1 Rac8 21.
Rxc8 Rxc8 22. Rc1 Rb8 23. Kg1 Kf8 24. f4 Ke8 25. Rc7 Ne7 26. Bb4 Nc6 27. Bd6 a5
28. Rxc6 bxc6 29. Bxb8 Kd7 30. Bd6 Kc8 31. Kf2 Kb7 32. Nc3 Kb6 33. Ke3 c5 34.
Na4+ Kb5 35. Nxc5 Kc4 36. b3+ Kc3 37. g3 d4+ 38. Ke4 Kb2 39. b4 1-0

[Event "41st Olympiad Women 2014"]
[Site "Tromso NOR"]
[Date "2014.08.05"]
[Round "4.49"]
[Board "2"]
[White "Shah, Riya"]
[Black "Stolarczyk, Anna"]
[Result "0-1"]
[WhiteTitle "WCM"]
[BlackTitle "WCM"]
[WhiteElo "1289"]
[BlackElo "1994"]
[WhiteTeam "Kenya"]
[BlackTeam "IBCA"]
[WhiteFideId "10800387"]
[BlackFideId "1126423"]
[EventDate "2014.08.02"]

1. d4 d5 2. e3 Nf6 3. Bd3 e6 4. c3 c5 5. Nd2 Nc6 6. Ngf3 Be7 7. Ne5 Nxe5 8. dxe5
Nd7 9. f4 b6 10. Nf3 Bb7 11. g3 Qc7 12. Rf1 O-O-O 13. Bd2 f6 14. exf6 gxf6 15.
Qa4 Kb8 16. O-O-O c4 17. Be2 e5 18. fxe5 fxe5 19. Kb1 Nc5 20. Qc2 d4 21. Qc1 d3
22. Bxd3 Nxd3 23. Qc2 Be4 24. Ka1 Nc5 25. Qc1 Nb3+ 26. axb3 Qb7 27. Qb1 cxb3 28.
Qxe4 Qxe4 29. Rc1 Qa4+ 30. Kb1 Qa2# 0-1

[Event "41st Olympiad Women 2014"]
[Site "Tromso NOR"]
[Date "2014.08.05"]
[Round "4.50"]
[Board "1"]
[White "Tuominen, Tanja"]
[Black "Melnik, Galina"]
[Result "1-0"]
[WhiteTitle "WIM"]
[BlackTitle "WIM"]
[WhiteElo "2103"]
[BlackElo "2017"]
[WhiteTeam "Finland"]
[BlackTeam "IPCA"]
[WhiteFideId "502340"]
[BlackFideId "4121929"]
[EventDate "2014.08.02"]

1. e4 e5 2. Nf3 Nf6 3. Nc3 Nc6 4. d4 Bb4 5. d5 Ne7 6. Bd3 d6 7. O-O O-O 8. Bg5
Ne8 9. Ne2 f6 10. Be3 f5 11. exf5 Nxf5 12. Bg5 Nf6 13. c3 Bc5 14. Qc2 Qe8 15.
Bxf5 Bxf5 16. Qxf5 Nxd5 17. Qe4 c6 18. Rad1 b5 19. b4 Bb6 20. c4 bxc4 21. Qxc4
Kh8 22. b5 Bc5 23. bxc6 e4 24. Nfd4 Qe5 25. Be3 Rf6 26. Nc2 Nb6 27. Qc3 Qe8 28.
Bd4 Nd5 29. Qa1 Bxd4 30. Qxd4 Nc7 31. Nb4 Rh6 32. Ng3 Nb5 33. Qxe4 Re6 34. Qd3 1-0

[Event "41st Olympiad Women 2014"]
[Site "Tromso NOR"]
[Date "2014.08.05"]
[Round "4.50"]
[Board "2"]
[White "Kurochkina, Elena"]
[Black "Puuska, Heini"]
[Result "1-0"]
[BlackTitle "WFM"]
[WhiteElo "1797"]
[BlackElo "1975"]
[WhiteTeam "IPCA"]
[BlackTeam "Finland"]
[WhiteFideId "24145890"]
[BlackFideId "502324"]
[EventDate "2014.08.02"]

1. d4 g6 2. c4 Bg7 3. Nc3 d6 4. e4 e5 5. Nf3 Nc6 6. d5 Nce7 7. Be2 f5 8. O-O Nf6
9. Nd2 O-O 10. f4 exf4 11. Rxf4 c6 12. Qf1 Bh6 13. Rf3 Ng4 14. exf5 Ne3 15. Qf2
Nc2 16. Nb3 Rxf5 17. Bxh6 Nxa1 18. Nxa1 Qb6 19. Qxb6 axb6 20. Be3 b5 21. cxb5
cxd5 22. Nb3 Bd7 23. Nd4 Rxf3 24. Bxf3 Kg7 25. Bf4 g5 26. Bxg5 Ng6 27. Bxd5 Ne5
28. Be4 Nc4 29. Bc1 Re8 30. Kf2 Rf8+ 31. Nf3 b6 32. Kg3 Be6 33. Nd4 Bf7 34. b3
Ne5 35. Nf5+ Kf6 36. Nxd6 Rg8+ 37. Kf2 Ng4+ 38. Kg1 Bg6 39. Bc6 Ke5 40. Nc4+ Kd4
41. Ne2+ Kd3 42. Bf3 Be8 43. h3 Nf6 44. Bb2 Nd7 45. Nf4+ Kc2 46. Be4+ Kd1 47.
Bxh7 Rf8 48. g3 Nf6 49. Bd3 Bh5 50. Bxf6 1-0

[Event "41st Olympiad Women 2014"]
[Site "Tromso NOR"]
[Date "2014.08.05"]
[Round "4.50"]
[Board "3"]
[White "Walta, Paivi"]
[Black "Kaydanovich, Marina"]
[Result "0-1"]
[WhiteTitle "WFM"]
[BlackTitle "WIM"]
[WhiteElo "1794"]
[BlackElo "1851"]
[WhiteTeam "Finland"]
[BlackTeam "IPCA"]
[WhiteFideId "504513"]
[BlackFideId "4134877"]
[EventDate "2014.08.02"]

1. e4 e5 2. Bc4 Nf6 3. d3 Nc6 4. Nf3 h6 5. c3 g6 6. O-O Bg7 7. Nbd2 O-O 8. Bb3
d5 9. Re1 d4 10. Nf1 Re8 11. Ng3 Qd6 12. Qe2 a5 13. a4 Be6 14. Bc2 Nd7 15. h3
Rad8 16. Rd1 Nc5 17. Nd2 Rd7 18. Qf3 Red8 19. c4 Nb4 20. Bb1 Rf8 21. Qe2 h5 22.
Ra3 b6 23. Nf3 Rdd8 24. Ng5 Bd7 25. Bc2 Ne6 26. Nxe6 Bxe6 27. Rf1 f5 28. f4 h4
29. exf5 Bxf5 30. Nxf5 Rxf5 31. Bd1 Rdf8 32. Qe4 exf4 33. Bg4 R5f6 34. Bd2 Nc2
35. Rb3 Ne3 36. Rf3 Nxg4 37. hxg4 g5 38. Rb5 c5 39. b4 axb4 40. a5 bxa5 41. Rxa5
R6f7 42. Qe1 Re7 43. Qc1 Rfe8 44. Rf1 Bf8 45. Bxb4 cxb4 46. Rxg5+ Rg7 47. Rf5
Rxg4 48. R5xf4 Rxf4 49. Rxf4 Re1+ 50. Qxe1 Qxf4 51. Qe6+ Kh7 52. Qd7+ Kh6 53.
Qc6+ Bd6 54. Qb6 Qe3+ 55. Kh1 Qe1# 0-1

[Event "41st Olympiad Women 2014"]
[Site "Tromso NOR"]
[Date "2014.08.05"]
[Round "4.50"]
[Board "4"]
[White "Konkolova, Nikola"]
[Black "Kujasalo, Marjatta"]
[Result "1-0"]
[WhiteElo "1481"]
[BlackElo "1663"]
[WhiteTeam "IPCA"]
[BlackTeam "Finland"]
[WhiteFideId "14924242"]
[BlackFideId "507466"]
[EventDate "2014.08.02"]

1. e4 d6 2. d4 Nf6 3. f3 g6 4. Nc3 Bg7 5. Be3 O-O 6. Qd2 c6 7. Nge2 b5 8. g4 b4
9. Nd1 a5 10. Ng3 Ba6 11. Bxa6 Nxa6 12. h4 c5 13. c3 cxd4 14. cxd4 Rc8 15. Bh6
Qb6 16. Bxg7 Kxg7 17. h5 Rh8 18. hxg6 hxg6 19. Nf5+ Kg8 20. Rxh8+ Kxh8 21. Qh6+ 1-0

[Event "41st Olympiad Women 2014"]
[Site "Tromso NOR"]
[Date "2014.08.05"]
[Round "4.51"]
[Board "1"]
[White "Mudongo, Boikhutso"]
[Black "Mwango, Lorita"]
[Result "0-1"]
[WhiteTitle "WIM"]
[BlackTitle "WFM"]
[WhiteElo "1844"]
[BlackElo "1874"]
[WhiteTeam "Botswana"]
[BlackTeam "Zambia"]
[WhiteFideId "11300230"]
[BlackFideId "8700478"]
[EventDate "2014.08.02"]

1. e4 e6 2. d4 d5 3. Nc3 Nf6 4. Bg5 Be7 5. e5 Nfd7 6. Bxe7 Qxe7 7. Qd2 a6 8. f4
c5 9. Nf3 Nc6 10. g3 g6 11. Bg2 Nb6 12. b3 Bd7 13. O-O Rc8 14. Rfc1 cxd4 15. Ne2
O-O 16. Nexd4 Nxd4 17. Nxd4 Rc7 18. Re1 Rfc8 19. Bf1 Qc5 20. Kh1 Qc3 21. Qxc3
Rxc3 22. a4 Be8 23. Kg1 Nd7 24. Kf2 Nb8 25. Re3 R3c7 26. Bd3 Nc6 27. Nxc6 Rxc6
28. Re2 Rc3 29. Ra2 a5 30. Ke1 Kg7 31. Kd2 R3c7 32. Ke3 b6 33. Kd4 Rc5 34. Rd2
R8c7 35. Ra1 Bd7 36. h4 Rc8 37. g4 Rh8 38. h5 h6 39. hxg6 fxg6 40. Rh2 Rcc8 41.
Rah1 Rcf8 42. Ke3 d4+ 43. Kf3 g5 44. Kg3 Rxf4 45. Rf2 Rhf8 46. Rhf1 Rxf2 47.
Rxf2 Rxf2 48. Kxf2 Bc6 49. Ke2 Kf7 50. Kd2 Bf3 51. Be2 Bxe2 52. Kxe2 Kg6 53. Kd3
h5 54. Kxd4 hxg4 55. c3 g3 56. Ke3 Kf5 57. Kf3 Kxe5 58. Kxg3 Ke4 59. Kg4 Kd3 60.
b4 Kxc3 61. bxa5 bxa5 62. Kxg5 Kd4 63. Kf4 e5+ 64. Kf3 Kd3 65. Kf2 Kc4 66. Ke3
Kb4 0-1

[Event "41st Olympiad Women 2014"]
[Site "Tromso NOR"]
[Date "2014.08.05"]
[Round "4.51"]
[Board "2"]
[White "Mbatha, Constance"]
[Black "Lopang, Tshepiso"]
[Result "1-0"]
[BlackTitle "WIM"]
[WhiteElo "1677"]
[BlackElo "1778"]
[WhiteTeam "Zambia"]
[BlackTeam "Botswana"]
[WhiteFideId "8700591"]
[BlackFideId "11300515"]
[EventDate "2014.08.02"]

1. d4 d5 2. c4 e6 3. Nc3 Nf6 4. Bg5 Be7 5. e3 O-O 6. Nf3 h6 7. Bh4 Nbd7 8. Bd3
dxc4 9. Bxc4 b6 10. O-O Bb7 11. Rc1 c5 12. dxc5 Nxc5 13. Be2 Nd5 14. Bxe7 Qxe7
15. Nxd5 Bxd5 16. b3 Rfd8 17. Qe1 Rac8 18. Nd4 Qg5 19. g3 e5 20. f4 exf4 21.
exf4 Qf6 22. Nf3 Qb2 23. Qd2 Qf6 24. Qe1 Qf5 25. Nh4 Qe4 26. Bf3 Qd4+ 27. Qf2
Qxf2+ 28. Rxf2 Bxf3 29. Rxf3 Ne4 30. Re1 Nf6 31. Nf5 Rc2 32. Rf2 Rxf2 33. Kxf2
Ng4+ 34. Kg1 Rd2 35. h3 Nf6 36. a4 Rb2 37. Re3 Rb1+ 38. Kg2 Nd5 39. Rd3 Nf6 40.
Ne7+ Kh7 41. Nc8 Rb2+ 42. Kf3 Rh2 43. h4 h5 44. Nxa7 Ng4 45. Rd5 g6 46. Rd7 Kg8
47. Rd8+ Kg7 48. Ke4 Re2+ 49. Kd3 Re3+ 50. Kc2 Rxg3 51. Nc8 Rh3 52. Nxb6 Rxh4
53. a5 Rh2+ 54. Rd2 Rxd2+ 55. Kxd2 Nf6 56. a6 Ne8 57. Nd5 h4 58. a7 h3 59. a8=Q 1-0

[Event "41st Olympiad Women 2014"]
[Site "Tromso NOR"]
[Date "2014.08.05"]
[Round "4.51"]
[Board "4"]
[White "Saina, Yvonne"]
[Black "Francis, Thapelo"]
[Result "1/2-1/2"]
[BlackTitle "WFM"]
[WhiteElo "1752"]
[BlackElo "1723"]
[WhiteTeam "Zambia"]
[BlackTeam "Botswana"]
[WhiteFideId "8700702"]
[BlackFideId "11301317"]
[EventDate "2014.08.02"]

1. d4 Nf6 2. c4 e6 3. Nc3 Bb4 4. Nf3 O-O 5. Qc2 c5 6. e3 Bxc3+ 7. bxc3 d6 8. Bd3
Nbd7 9. O-O b6 10. Ng5 h6 11. Ne4 Qc7 12. h3 Bb7 13. Ba3 Bxe4 14. Bxe4 Nxe4 15.
Qxe4 Nf6 16. Qf3 Rac8 17. Rfc1 Rfd8 18. Rab1 Qc6 19. Qxc6 Rxc6 20. f3 cxd4 21.
cxd4 Rdc8 22. Rb2 Kf8 23. Kf1 Ke7 24. Rbc2 Nd5 25. Ke2 Kd7 26. Kd2 Ne7 27. Kd3
R6c7 28. Bb4 Nc6 29. Ba3 Ne7 30. Bb4 Nc6 31. Ba3 Ne7 32. Bb4 g6 33. Ba3 h5 34.
g4 hxg4 35. hxg4 Rh8 36. Rf2 Rcc8 37. Rcc2 Rh3 38. Ke4 f5+ 39. gxf5 gxf5+ 40.
Kd3 Rg8 41. f4 Rgg3 42. Rce2 1/2-1/2